000 01023cam a22002531 4500
001 ne 68002703
003 DLC
005 20260227111844.0
008 840112s1968 ua 000 0 arar
010 _ane 68002703
020 _c£E1.00
035 _a(OCoLC)10292523
040 _aDLC
_cTxU
_dDLC
042 _apremarc
050 0 0 _aDS70.96.G7
_bN36
100 1 _aNawwār, ʻAbd al-ʻAzīz Sulaymān.
245 1 3 _aal-Maṣāliḥ al-Barĭṭānīyah fī anhār al-ʻIrāq, 1600-1914,
_bdirāsah wathāʼiqīyah lil-taṭawwurāt allatī addat ilá iḥtikāk Barīṭanyā lil-milāḥah fī al-ʻIrāq.
_ctaʼlīf ʻAbd al-ʻAzīz Sulaymān Nawwār.
260 _aal-Qāhirah,
_bMaktabat al-Anjulū al-Miṣrīyah,
_c1968.
300 _a10, 238, 112 p. :
_bmap. ;
_c24 cm.
500 _aAdded t.p.: British interests in the rivers of Mesopotamia, by A.S. Nawar.
504 _aBibliography: p. [235]-238.
651 0 _aIraq
_xForeign relations
_zGreat Britain.
651 0 _aGreat Britain
_xForeign relations
_zIraq.
999 _c50586
_d50586